George Strait - Ocean Front Property Lyrics - Statistics

General Stats
  • This quiz has been taken 188 times
  • The average score is 116 of 150
Answer Stats
Lyrics % Correct
I
99%
ocean
98%
front
97%
a
96%
Arizona.
95%
property
95%
in
94%
you
93%
you.
93%
got
92%
the
90%
sea.
85%
some
85%
If
84%
if
84%
see
82%
can
81%
porch
80%
From
79%
Golden
78%
golden
78%
Gate
77%
gate
77%
me,
77%
me.
77%
buy
76%
free.
75%
my
75%
that;
75%
that,
75%
throw
74%
And
72%
and
72%
I'll
71%
won't
71%
back.
68%
I've
68%
miss
68%
ever
67%
you'll
67%
take
65%
leave
64%
love
63%
don't
61%
your
59%
memory
54%
Girl,
53%
on.
53%
ground
50%
walk
50%
haunt
49%
'Cause
48%
now
48%
Now
48%
worship
48%
'Cause
47%
never
45%
have,
42%
fact.
41%
that's
40%
to
36%
find
33%
follow
32%
try
32%
Yeah,
26%
or
23%
No matching quizzes found
Score Distribution
Percent of People with Each Score
Percentile by Number Answered
Your Score History
You have not taken this quiz